| 000 | 00792nam a2200289 a 4500 | ||
|---|---|---|---|
| 003 | AR-BaBNM | ||
| 005 | 20251128205419.0 | ||
| 008 | 082120s2002 ||||||||||||||000 | spa|| | ||
| 020 | _a92-3-302761-9 | ||
| 040 | _cAR-BaBNM | ||
| 100 | 1 | _aStrathern, Paul | |
| 245 | 0 | 0 |
_aExploración por tierra _n4 |
| 260 |
_aBarcelona _bUnesco _bDebate _bCírculo de lectores _c1993 |
||
| 300 |
_a48 p. _bmapas, il., láms. |
||
| 490 | 0 | _aLas rutas de la seda y de las especias | |
| 500 | _aTabla cronológica p. 46 | ||
| 500 | _aGlosario p. 47 | ||
| 650 | 4 | _aHISTORIA ECONOMICA | |
| 650 | 4 | _aRELIGION | |
| 650 | 4 | _aISLAM | |
| 650 | 4 | _aCOMERCIO | |
| 650 | 4 | _aHISTORIA POLITICA | |
| 651 | 4 | _aMedio Oriente | |
| 800 | 1 |
_aMayor Zaragoza, Federico _edirector |
|
| 942 | _cBK | ||
| 998 | _cmariana | ||
| 999 |
_c11341 _d11341 |
||